00366nam a22001217a 4500008004100000020002200041082001100063100006700074245003500141250001600176260003500192300001700227230804b |||||||| |||| 00| 0 eng d a978-0-12-809476-1 a634.92 aPete Bettinger, Kevin Boston, Jacek P. Siry & Donald L. Gebner aForest management and planning a2nd edition aLondon:bAcademic Press,c2017 a349 p.c28cm